Language and grammar in wittgenstein (Record no. 755)

MARC details
000 -LEADER
fixed length control field 00746 a2200205 4500
008 - FIXED-LENGTH DATA ELEMENTS--GENERAL INFORMATION
fixed length control field 080820t xxu||||| |||| 00| 0 eng d
010 ## - LIBRARY OF CONGRESS CONTROL NUMBER
LC control number ENG-84924
020 ## - INTERNATIONAL STANDARD BOOK NUMBER
International Standard Book Number 8131300056
Terms of availability 595.00
035 ## - SYSTEM CONTROL NUMBER
System control number EN-68457
037 ## - SOURCE OF ACQUISITION
Source of stock number/acquisition D.B.Act / Pub
082 ## - DEWEY DECIMAL CLASSIFICATION NUMBER
Classification number 485
100 ## - MAIN ENTRY--PERSONAL NAME
Personal name Raman, V.
245 ## - TITLE STATEMENT
Title Language and grammar in wittgenstein
Statement of responsibility, etc by V. Raman
260 ## - PUBLICATION, DISTRIBUTION, ETC. (IMPRINT)
Place of publication, distribution, etc New Delhi
Name of publisher, distributor, etc A P H Publishing
Date of publication, distribution, etc 2006.
270 ## - ADDRESS
Address 5, Ansari Road, Darya Ganj
City New Delhi
State or province Delhi
Postal code 110002
300 ## - PHYSICAL DESCRIPTION
Extent xii, 248 p.
Dimensions 22 cm. (Hb)
500 ## - GENERAL NOTE
General note Includes bibliographical references and index
942 ## - ADDED ENTRY ELEMENTS (KOHA)
Institution code [OBSOLETE] dpl
Koha item type English Books
Call number prefix 485 / RAM
Source of classification or shelving scheme Dewey Decimal Classification
Classification part 485
Call number suffix RAM
Holdings
Withdrawn status Lost status Damaged status Not for loan Home library Current library Date acquired Cost, normal purchase price Total Checkouts Full call number Barcode Date last seen Copy number Uniform Resource Identifier Cost, replacement price Price effective from Koha item type
        D.B.Act.Division D.B.Act.Division 20/08/2008 595.00   485 RAM EN-68457 15/09/2008 1 734 595.00 15/09/2008 English Books

© Delhi Public Library
Hit Counter
free hit counter